| 000 | 00536nam a2200181Ia 4500 | ||
|---|---|---|---|
| 999 |
_c11261 _d11261 |
||
| 003 | OSt | ||
| 005 | 20200826100316.0 | ||
| 008 | 190216s9999||||xx |||||||||||||| ||und|| | ||
| 020 | _a9788131508640 | ||
| 040 | _coclc | ||
| 082 |
_a530 _bSER/P |
||
| 100 |
_aSerway, Raymond A _94335 |
||
| 245 | 0 |
_aPhysics : _bA Calculus - Based Approach / _cRaymond A Serway ; John W Jewett |
|
| 260 |
_bCengage Learning, _c2007. _aNew Delhi: |
||
| 300 | _a1057p | ||
| 650 | _aPhysics | ||
| 942 |
_cBK _2ddc _h530 _iSER/P _k530 _mSER/P |
||